ramses ii : an illustrated biography /

محفوظ في:

المؤلف الرئيسي: desroches-noBLecourt, christiane

التنسيق: كتاب

اللغة: Undetermined

منشور في: london : thames and huDSon, 2007.

الموضوعات:

الوسوم: إضافة وسم

لا توجد وسوم, كن أول من يضع وسما على هذه التسجيلة!

رقم الطلب: DT88 .D47

LEADER 00663nam a2200169Ia 4500
008 220401s9999||||xx |||||||||||||| ||und||
020 |a 9782080300430 
050 4 |a DT88 .D47 
100 1 |a desroches-noBLecourt, christiane 
245 1 0 |a ramses ii :  |b an illustrated biography /  |c christiane desroches-noBLecourt. 
264 1 |a london :  |b thames and huDSon,  |c 2007. 
300 |a 251p. :  |b ill. (chiefly col.), col. Maps, port ;  |c 26cm. 
650 1 4 |a pharaohs biography. 
650 1 4 |a ramses ii, king of egypt. 
942 |2 lcc  |c BK 
952 |0 0  |1 0  |2 lcc  |4 0  |6 DT0088 D47  |7 1  |9 39444  |a ARCE  |b ARCE  |d 2022-04-01  |l 0  |o DT88 .D47  |p 1005603  |r 2022-04-01 00:00:00  |w 2022-04-01  |y BK 
999 |c 47025  |d 47025